000 00687nam a2200241 i 4500
001 C2-0296568
003 PPAK
005 20180728074915.0
008 090422s2008 xxka|||| ||||| | eng d
020 _a9781405456166
040 _aPPAK
_beng
_cPPAK
_erda
082 0 4 _a940.4
_223
090 0 0 _a940.4
_bHAM
_dR
100 1 _aHamilton, R.,
_eauthor
245 1 2 _aA photographic history World War I
264 1 _aBath, United Kingdom :
_bParragon ,
_c2008
300 _a255 pages :
_billustrations ;
_c32 cm
336 _2rdacontent
_atext
337 _2rdamedia
_aunmediated
338 _2rdacarrier
_avolume
650 1 0 _aWorld War, 1914-1918 - Pictorial works
942 _ddc
_cB
999 _c101011
_d101011